000 00437nam a2200181 a 4500
001 1767425682394
003 ACL
005 20260103130633.0
008 260103s2017##################000#0#eng##
020 _a9781680956429
082 0 4 _a647.94
_bELE
100 1 _a3G E-learning LLC, USA,
_eauthor.
245 1 0 _aHospitality Asset Management :
260 _c2017.
300 _a240 pages
942 _cENGLISH
040 _aACL
_beng
_cACL
999 _c607135
_d607135